[Event "Skakligaen 2019-20"]
[Site "Denmark"]
[Date "2020.01.26"]
[Round "6.5"]
[White "Rosenkilde, Alexander"]
[Black "Ostergaard, Jens"]
[Result "1/2-1/2"]
[WhiteElo "2252"]
[BlackElo "2228"]
[PlyCount "124"]
[EventDate "2019.11.23"]
[EventType "team-tourn"]
[EventRounds "9"]
[WhiteTeam "Jetsmark"]
[BlackTeam "Hillerod"]
[WhiteTeamCountry "DEN"]
[BlackTeamCountry "DEN"]

1. d4 Nf6 2. c4 e6 3. g3 c5 4. Nf3 cxd4 5. Nxd4 d5 6. Bg2 e5 7. Nf3 d4 8. O-O
Nc6 9. e3 Be7 10. exd4 exd4 11. Bf4 O-O 12. Qb3 Bd6 13. Bxd6 Qxd6 14. Na3 Rb8
15. Rad1 Be6 16. Qd3 Rfd8 17. Nc2 Qc5 18. b3 Bf5 19. Qd2 Ne4 20. Qf4 Nc3 21.
Rd2 d3 22. Ne3 Ne2+ 23. Rxe2 dxe2 24. Re1 Bg6 25. Rxe2 Nd4 26. Nxd4 Qxd4 27.
Qxd4 Rxd4 28. Bf3 a5 29. Nd5 Rd1+ 30. Kg2 Bd3 31. Re8+ Rxe8 32. Bxd1 Be4+ 33.
Bf3 Bxd5 34. Bxd5 b6 35. Kf1 Re5 36. Bc6 Kf8 37. a3 Ke7 38. b4 Kd6 39. Bf3 axb4
40. axb4 f6 41. h4 Re7 42. Kg2 Re1 43. Bb7 Kc7 44. Bd5 Rb1 45. b5 Re1 46. Bg8
h6 47. Kf3 Kd6 48. Kg4 Re5 49. f4 h5+ 50. Kf3 Re1 51. Bf7 Kc5 52. Kf2 Re7 53.
Bxh5 Kxc4 54. Be2+ Rxe2+ 55. Kxe2 Kxb5 56. g4 Kc6 57. h5 Kd5 58. Kd3 b5 59. g5
fxg5 60. fxg5 Ke5 61. h6 gxh6 62. gxh6 Kf6 1/2-1/2

[Event "Skakligaen 2019-20"]
[Site "Denmark"]
[Date "2020.01.26"]
[Round "6.6"]
[White "Nordenbaek, Jan"]
[Black "Jensen, Bjarke"]
[Result "0-1"]
[WhiteElo "2239"]
[BlackElo "2328"]
[PlyCount "96"]
[EventDate "2019.11.23"]
[EventType "team-tourn"]
[EventRounds "9"]
[WhiteTeam "Hillerod"]
[BlackTeam "Jetsmark"]
[WhiteTeamCountry "DEN"]
[BlackTeamCountry "DEN"]

1. e4 e5 2. Nf3 Nc6 3. Bb5 a6 4. Ba4 Nf6 5. O-O Be7 6. Re1 d6 7. c3 Bg4 8. d3
Nd7 9. Nbd2 Bg5 10. h3 Bh5 11. g4 Bxd2 12. Bxd2 Bg6 13. d4 b5 14. Bc2 h5 15. d5
Ne7 16. a4 hxg4 17. hxg4 f6 18. axb5 axb5 19. Rxa8 Qxa8 20. Be3 c6 21. dxc6
Qxc6 22. Nh2 Nc5 23. Bxc5 dxc5 24. c4 O-O 25. cxb5 Qxb5 26. b3 Bf7 27. Qe2 Qxe2
28. Rxe2 Ra8 29. Rd2 Nc6 30. Rd7 Nd4 31. Bd3 Bxb3 32. Rc7 Ra1+ 33. Kg2 Ne6 34.
Rc8+ Kh7 35. Bb5 Nf4+ 36. Kg3 Rg1+ 37. Kf3 Rc1 38. Nf1 Be6 39. Rc7 c4 40. Ne3
c3 41. Nf5 Bxf5 42. exf5 Kh6 43. Rc8 Kg5 44. Ba4 Rh1 45. Ra8 Rh3+ 46. Ke4 Rh7
47. f3 Rh2 48. Bb5 Rh1 0-1

[Event "Skakligaen 2019-20"]
[Site "Denmark"]
[Date "2020.01.26"]
[Round "6.7"]
[White "Rathlev, Jakob"]
[Black "Svendsen, Peter Willer"]
[Result "1-0"]
[WhiteElo "2233"]
[BlackElo "1981"]
[PlyCount "121"]
[EventDate "2019.11.23"]
[EventType "team-tourn"]
[EventRounds "9"]
[WhiteTeam "Jetsmark"]
[BlackTeam "Hillerod"]
[WhiteTeamCountry "DEN"]
[BlackTeamCountry "DEN"]

1. Nf3 Nf6 2. d4 e6 3. Bf4 d5 4. e3 Bd6 5. Bg3 O-O 6. Nbd2 c5 7. c3 Nc6 8. Bd3
Re8 9. Ne5 Qc7 10. f4 g6 11. O-O Bd7 12. Bh4 Be7 13. Qf3 Ne4 14. Bxe4 dxe4 15.
Qh3 f5 16. Ndc4 Rac8 17. Nxc6 Bxc6 18. Bxe7 Qxe7 19. Ne5 cxd4 20. exd4 Bd5 21.
Qe3 Rc7 22. Rfc1 Rec8 23. Rc2 b5 24. b3 Qa3 25. Rac1 a5 26. Kf2 a4 27. c4 axb3
28. Qxb3 Qa7 29. cxd5 Qxd4+ 30. Ke2 Rxc2+ 31. Rxc2 Rxc2+ 32. Qxc2 exd5 33. Qb3
Qg1 34. Qxd5+ Kg7 35. Qd2 Qxg2+ 36. Kd1 Qf1+ 37. Kc2 Qa1 38. Kb3 Qb1+ 39. Qb2
Qd1+ 40. Ka3 Qd5 41. Ng4+ Kf8 42. Qf6+ Ke8 43. Qe5+ Qxe5 44. Nxe5 Ke7 45. Kb4
Ke6 46. Kxb5 g5 47. Kc4 gxf4 48. Kd4 Kd6 49. Nf7+ Kc6 50. Nh6 e3 51. Kd3 Kb5
52. Nxf5 Ka4 53. Nd4 Ka3 54. Ke4 Kxa2 55. Kxf4 Kb2 56. Kxe3 Kc3 57. Ne6 Kc4 58.
Ke4 Kc3 59. Ng5 h5 60. Nf3 Kc4 61. h4 1-0

[Event "Skakligaen 2019-20"]
[Site "Denmark"]
[Date "2020.01.26"]
[Round "6.8"]
[White "Nilsson, Lars Kjoller"]
[Black "Grubert, Christian"]
[Result "1/2-1/2"]
[WhiteElo "1912"]
[BlackElo "2133"]
[PlyCount "62"]
[EventDate "2019.11.23"]
[EventType "team-tourn"]
[EventRounds "9"]
[WhiteTeam "Hillerod"]
[BlackTeam "Jetsmark"]
[WhiteTeamCountry "DEN"]
[BlackTeamCountry "DEN"]

1. e4 c5 2. Nf3 g6 3. c4 Bg7 4. d4 cxd4 5. Nxd4 Nc6 6. Be3 Nf6 7. Nc3 O-O 8.
Be2 d6 9. O-O Bd7 10. Rb1 Nxd4 11. Bxd4 Be6 12. Qd3 a5 13. Nd5 Nd7 14. Bxg7
Kxg7 15. Qd4+ Kg8 16. Rbd1 Bxd5 17. cxd5 Nc5 18. a4 Rc8 19. Bb5 Rc7 20. Rfe1
Qc8 21. Re3 Qg4 22. Be2 Qf4 23. g3 Qe5 24. Qxe5 dxe5 25. Rc3 Rd8 26. Bb5 Rd6
27. Rc4 b6 28. Rdc1 Rc8 29. b4 axb4 30. Rxb4 Rb8 31. Rc3 Ra8 1/2-1/2

[Event "Skakligaen 2019-20"]
[Site "Denmark"]
[Date "2020.01.26"]
[Round "6.1"]
[White "Glud, Jakob Vang"]
[Black "Baekgaard, Martin"]
[Result "1/2-1/2"]
[WhiteElo "2550"]
[BlackElo "2299"]
[PlyCount "67"]
[EventDate "2019.11.23"]
[EventType "team-tourn"]
[EventRounds "9"]
[WhiteTeam "Aarhus Skolerne"]
[BlackTeam "Nordre"]
[WhiteTeamCountry "DEN"]
[BlackTeamCountry "DEN"]

1. c4 e6 2. Nf3 Nf6 3. g3 d5 4. Bg2 Be7 5. O-O O-O 6. Qc2 d4 7. e3 c5 8. exd4
cxd4 9. d3 Nc6 10. Re1 Ne8 11. Ne5 Nxe5 12. Rxe5 f6 13. Re1 Nc7 14. f4 Rb8 15.
Nd2 Bd7 16. Ne4 Bc6 17. Bd2 Re8 18. Re2 Qd7 19. Rae1 Na6 20. Bh3 Nc7 21. b3 Bf8
22. Rf2 b5 23. Ba5 Na6 24. Rfe2 Kh8 25. Nf2 f5 26. Bg2 Bxg2 27. Kxg2 Qc6+ 28.
Kg1 b4 29. Qb2 Qd7 30. Qd2 Bd6 31. Qb2 Bf8 32. Qd2 Bd6 33. Qb2 Bf8 34. Qd2
1/2-1/2

[Event "Skakligaen 2019-20"]
[Site "Denmark"]
[Date "2020.01.26"]
[Round "6.2"]
[White "Petersen, Tom Petri"]
[Black "Skytte, Rasmus"]
[Result "1/2-1/2"]
[WhiteElo "2309"]
[BlackElo "2373"]
[PlyCount "20"]
[EventDate "2019.11.23"]
[EventType "team-tourn"]
[EventRounds "9"]
[WhiteTeam "Nordre"]
[BlackTeam "Aarhus Skolerne"]
[WhiteTeamCountry "DEN"]
[BlackTeamCountry "DEN"]

1. c4 g6 2. g3 Bg7 3. Bg2 e5 4. Nc3 d6 5. e4 Nc6 6. Nge2 Nge7 7. d3 O-O 8. O-O
f5 9. Be3 Be6 10. Nd5 Qd7 1/2-1/2

[Event "Skakligaen 2019-20"]
[Site "Denmark"]
[Date "2020.01.26"]
[Round "6.3"]
[White "Sorensen, Jan"]
[Black "Sloth, Jorn"]
[Result "1/2-1/2"]
[WhiteElo "2395"]
[BlackElo "2313"]
[PlyCount "24"]
[EventDate "2019.11.23"]
[EventType "team-tourn"]
[EventRounds "9"]
[WhiteTeam "Aarhus Skolerne"]
[BlackTeam "Nordre"]
[WhiteTeamCountry "DEN"]
[BlackTeamCountry "DEN"]

1. e4 c5 2. Nf3 Nc6 3. Bb5 g6 4. O-O Bg7 5. c3 Nf6 6. Re1 O-O 7. d4 Qb6 8. Bxc6
bxc6 9. e5 Ne8 10. dxc5 Qxc5 11. Be3 Qb5 12. b3 f6 1/2-1/2

[Event "Skakligaen 2019-20"]
[Site "Denmark"]
[Date "2020.01.26"]
[Round "6.4"]
[White "Veng, Johnni"]
[Black "Vinther Schou, Uffe"]
[Result "0-1"]
[WhiteElo "2253"]
[BlackElo "2361"]
[PlyCount "84"]
[EventDate "2019.11.23"]
[EventType "team-tourn"]
[EventRounds "9"]
[WhiteTeam "Nordre"]
[BlackTeam "Aarhus Skolerne"]
[WhiteTeamCountry "DEN"]
[BlackTeamCountry "DEN"]

1. Nf3 c5 2. c4 Nc6 3. g3 e5 4. Nc3 g6 5. Bg2 Bg7 6. d3 Nge7 7. O-O O-O 8. a3
d6 9. Rb1 a5 10. Ne1 Be6 11. Nc2 d5 12. cxd5 Nxd5 13. Ne3 Nde7 14. Bd2 h6 15.
Na4 b6 16. b4 cxb4 17. axb4 Ra7 18. bxa5 bxa5 19. Nc5 Bc8 20. Nc4 Nd5 21. Re1
Nd4 22. Qc1 Kh7 23. e3 Ne6 24. Qa3 a4 25. Rec1 Ng5 26. e4 Ne7 27. Bxg5 hxg5 28.
Nb6 Qd6 29. Nc4 Qd4 30. Ne3 Nc6 31. Ne6 Bxe6 32. Rxc6 Rd8 33. Nd5 Bf8 34. Qc3
a3 35. Ra1 Rb8 36. Qxd4 exd4 37. Rb6 Rxb6 38. Nxb6 Bb4 39. Nd5 Bxd5 40. exd5 a2
41. d6 Bc3 42. d7 Bxa1 0-1

[Event "Skakligaen 2019-20"]
[Site "Denmark"]
[Date "2020.01.26"]
[Round "6.5"]
[White "Sobjerg, Erik"]
[Black "Christensen, Jan Schleicher"]
[Result "1/2-1/2"]
[WhiteElo "2289"]
[BlackElo "2177"]
[PlyCount "35"]
[EventDate "2019.11.23"]
[EventType "team-tourn"]
[EventRounds "9"]
[WhiteTeam "Aarhus Skolerne"]
[BlackTeam "Nordre"]
[WhiteTeamCountry "DEN"]
[BlackTeamCountry "DEN"]

1. e4 e5 2. Nf3 Nc6 3. Bb5 f5 4. d3 fxe4 5. dxe4 Nf6 6. O-O Bc5 7. Bxc6 bxc6 8.
Nxe5 O-O 9. Nc3 Qe8 10. Nd3 Bd4 11. Re1 d6 12. Be3 Bxc3 13. bxc3 Qxe4 14. Bxa7
Qf5 15. Bd4 c5 16. Bxf6 Qxf6 17. Qd2 Ra3 18. Re2 1/2-1/2

[Event "Skakligaen 2019-20"]
[Site "Denmark"]
[Date "2020.01.26"]
[Round "6.6"]
[White "Klitgaard, Thomas"]
[Black "Sogaard, Soren"]
[Result "1/2-1/2"]
[WhiteElo "2173"]
[BlackElo "2248"]
[PlyCount "49"]
[EventDate "2019.11.23"]
[EventType "team-tourn"]
[EventRounds "9"]
[WhiteTeam "Nordre"]
[BlackTeam "Aarhus Skolerne"]
[WhiteTeamCountry "DEN"]
[BlackTeamCountry "DEN"]

1. d4 Nf6 2. Bg5 d5 3. Bxf6 gxf6 4. e3 e5 5. Nc3 Nc6 6. Qh5 Be6 7. Bb5 a6 8.
Ba4 exd4 9. Bxc6+ bxc6 10. exd4 Rg8 11. Nge2 Rb8 12. Qxh7 Rg5 13. Qd3 Rxg2 14.
Nf4 Rg5 15. Nxe6 fxe6 16. O-O-O Qd6 17. h4 Rf5 18. h5 Bh6+ 19. Kb1 Qb4 20. b3
a5 21. Ka1 Kf7 22. Na4 Rg8 23. Rdg1 Rxg1+ 24. Rxg1 Qd6 25. Nc5 1/2-1/2

[Event "Skakligaen 2019-20"]
[Site "Denmark"]
[Date "2020.01.26"]
[Round "6.7"]
[White "Dumas, Charles"]
[Black "Holst, Per"]
[Result "1-0"]
[WhiteElo "2254"]
[BlackElo "2153"]
[PlyCount "57"]
[EventDate "2019.11.23"]
[EventType "team-tourn"]
[EventRounds "9"]
[WhiteTeam "Aarhus Skolerne"]
[BlackTeam "Nordre"]
[WhiteTeamCountry "DEN"]
[BlackTeamCountry "DEN"]

1. e4 e6 2. d4 d5 3. Nd2 Nf6 4. e5 Nfd7 5. Bd3 c5 6. c3 Nc6 7. Ngf3 g6 8. h4
Be7 9. O-O cxd4 10. cxd4 O-O 11. h5 g5 12. h6 f5 13. exf6 Bxf6 14. Nb3 Kh8 15.
Be3 Rg8 16. Rc1 Qf8 17. Nh2 e5 18. dxe5 Ndxe5 19. Be2 Be6 20. Nc5 Bf7 21. f4
Nc4 22. Bxc4 dxc4 23. fxg5 Qe7 24. Ng4 Rxg5 25. Rxf6 Rxg4 26. Qxg4 Qxe3+ 27.
Kh2 Rg8 28. Qf4 Qxc5 29. Rxf7 1-0

[Event "Skakligaen 2019-20"]
[Site "Denmark"]
[Date "2020.01.26"]
[Round "6.8"]
[White "Hoiberg, Nina"]
[Black "Rendboe, John Filip"]
[Result "1/2-1/2"]
[WhiteElo "2187"]
[BlackElo "2119"]
[PlyCount "32"]
[EventDate "2019.11.23"]
[EventType "team-tourn"]
[EventRounds "9"]
[WhiteTeam "Nordre"]
[BlackTeam "Aarhus Skolerne"]
[WhiteTeamCountry "DEN"]
[BlackTeamCountry "DEN"]

1. e4 c5 2. Nf3 Nc6 3. c3 Nf6 4. e5 Nd5 5. Bc4 e6 6. O-O d6 7. d4 dxe5 8. dxe5
Be7 9. Nbd2 O-O 10. Ne4 Qc7 11. Re1 Nxe5 12. Nxe5 Qxe5 13. Ng5 Qc7 14. Bxd5
exd5 15. Qxd5 Bxg5 16. Bxg5 Be6 1/2-1/2

[Event "Skakligaen 2019-20"]
[Site "Denmark"]
[Date "2020.02.23"]
[Round "7.1"]
[White "Berkes, Ferenc"]
[Black "Glud, Jakob Vang"]
[Result "1-0"]
[WhiteElo "2647"]
[BlackElo "2550"]
[PlyCount "91"]
[EventDate "2019.11.23"]
[EventType "team-tourn"]
[EventRounds "9"]
[WhiteTeam "Koge"]
[BlackTeam "Aarhus Skolerne"]
[WhiteTeamCountry "DEN"]
[BlackTeamCountry "DEN"]

1. Nf3 d5 2. g3 c6 3. Bg2 Bg4 4. O-O Nd7 5. h3 Bh5 6. d4 e6 7. c4 Ngf6 8. cxd5
cxd5 9. Nc3 Be7 10. Qb3 Bxf3 11. Bxf3 Qb6 12. e4 dxe4 13. Nxe4 Nd5 14. Nc3 Qxb3
15. axb3 N7b6 16. Nxd5 Nxd5 17. Bxd5 exd5 18. Ra5 O-O 19. Rxd5 Rfd8 20. Rxd8+
Rxd8 21. Be3 f5 22. Rc1 Rd7 23. Kf1 g5 24. Ke2 f4 25. gxf4 gxf4 26. Bxf4 Rxd4
27. Be3 Rb4 28. Rc8+ Kf7 29. Rc7 Rb5 30. Bxa7 b6 31. Rb7 Rxb3 32. Rxb6 Rxh3 33.
Rb7 Ke6 34. Be3 Rh1 35. b4 h5 36. b5 h4 37. Rb6+ Kf5 38. Rh6 Kg4 39. Re6 Bd8
40. Rg6+ Kf5 41. Rh6 Kg4 42. Rh8 Bf6 43. Rf8 Be7 44. Rf4+ Kh5 45. Rf7 Bd8 46.
b6 1-0

[Event "Skakligaen 2019-20"]
[Site "Denmark"]
[Date "2020.02.23"]
[Round "7.2"]
[White "Skytte, Rasmus"]
[Black "Papp, Gabor"]
[Result "1/2-1/2"]
[WhiteElo "2373"]
[BlackElo "2589"]
[PlyCount "37"]
[EventDate "2019.11.23"]
[EventType "team-tourn"]
[EventRounds "9"]
[WhiteTeam "Aarhus Skolerne"]
[BlackTeam "Koge"]
[WhiteTeamCountry "DEN"]
[BlackTeamCountry "DEN"]

1. e4 e6 2. d4 d5 3. e5 c5 4. c3 Nc6 5. Nf3 Bd7 6. Bd3 cxd4 7. cxd4 Qb6 8. O-O
Nxd4 9. Ng5 Be7 10. Nc3 Nc6 11. Re1 Bxg5 12. Bxg5 Nge7 13. Qh5 Nb4 14. Bb1 Ng6
15. a3 Nc6 16. Nxd5 exd5 17. e6 O-O 18. exd7 f6 19. Bd2 1/2-1/2

[Event "Skakligaen 2019-20"]
[Site "Denmark"]
[Date "2020.02.23"]
[Round "7.3"]
[White "Brunello, Sabino"]
[Black "Sorensen, Jan"]
[Result "1-0"]
[WhiteElo "2549"]
[BlackElo "2395"]
[PlyCount "73"]
[EventDate "2019.11.23"]
[EventType "team-tourn"]
[EventRounds "9"]
[WhiteTeam "Koge"]
[BlackTeam "Aarhus Skolerne"]
[WhiteTeamCountry "DEN"]
[BlackTeamCountry "DEN"]

1. Nf3 Nf6 2. g3 d5 3. Bg2 e6 4. d3 Be7 5. O-O c5 6. Nbd2 Nc6 7. e4 O-O 8. e5
Nd7 9. Re1 b5 10. Nf1 a5 11. a4 bxa4 12. h4 Nb6 13. N1h2 Ba6 14. Ng4 c4 15. d4
c3 16. bxc3 Na7 17. Bg5 Nb5 18. Qd2 Nc4 19. Qf4 f6 20. exf6 gxf6 21. Bh6 Rf7
22. Rxe6 Bc8 23. Rxe7 Qxe7 24. Re1 Be6 25. Nd2 Nb6 26. c4 Nc7 27. c5 Nc8 28. c4
Qd8 29. cxd5 Nxd5 30. Bxd5 Bxd5 31. Nxf6+ Kh8 32. Re8+ Qxe8 33. Bg7+ Kxg7 34.
Qg5+ Kf8 35. Qg8+ Ke7 36. Qxe8+ Kxf6 37. Qe5+ 1-0

[Event "Skakligaen 2019-20"]
[Site "Denmark"]
[Date "2020.02.23"]
[Round "7.4"]
[White "Vinther Schou, Uffe"]
[Black "Rozentalis, Eduardas"]
[Result "0-1"]
[WhiteElo "2361"]
[BlackElo "2547"]
[PlyCount "110"]
[EventDate "2019.11.23"]
[EventType "team-tourn"]
[EventRounds "9"]
[WhiteTeam "Aarhus Skolerne"]
[BlackTeam "Koge"]
[WhiteTeamCountry "DEN"]
[BlackTeamCountry "DEN"]

1. e4 e6 2. d4 d5 3. e5 c5 4. c3 Qb6 5. Nf3 Bd7 6. Be2 cxd4 7. cxd4 Bb5 8. Qb3
Bxe2 9. Qxb6 axb6 10. Kxe2 Ne7 11. Nc3 Nec6 12. Bd2 Be7 13. Nb5 Kd7 14. Rhc1
Na6 15. Ne1 Rhc8 16. Nc2 Nc7 17. Nxc7 Rxc7 18. Kd3 b5 19. a3 Ra4 20. f4 h5 21.
g3 Rc8 22. Bc3 Rc4 23. Rf1 g6 24. Ne3 Ra4 25. h3 b4 26. axb4 Nxb4+ 27. Kd2 Na2
28. Kd3 b5 29. Rab1 Bb4 30. Nd1 Ba5 31. Rf2 Bb6 32. Rf3 Nb4+ 33. Kd2 Nc6 34. b3
Ra2+ 35. Kd3 b4 36. Bb2 Na5 37. g4 hxg4 38. hxg4 Nxb3 39. f5 Ke7 40. fxe6 fxe6
41. Rh3 Rf8 42. Nc3 bxc3 43. Bxc3 Ra3 44. Rh7+ Rf7 45. Rxf7+ Kxf7 46. Bb4 Nc5+
47. Ke2 Ra2+ 48. Ke3 Ne4 49. Rf1+ Kg7 50. Bf8+ Kg8 51. Be7 Ra4 52. Rd1 Kf7 53.
Bh4 Ra3+ 54. Rd3 Rxd3+ 55. Kxd3 Ba5 0-1

[Event "Skakligaen 2019-20"]
[Site "Denmark"]
[Date "2020.02.23"]
[Round "7.5"]
[White "Danielsen, Henrik"]
[Black "Sobjerg, Erik"]
[Result "1-0"]
[WhiteElo "2497"]
[BlackElo "2289"]
[PlyCount "67"]
[EventDate "2019.11.23"]
[EventType "team-tourn"]
[EventRounds "9"]
[WhiteTeam "Koge"]
[BlackTeam "Aarhus Skolerne"]
[WhiteTeamCountry "DEN"]
[BlackTeamCountry "DEN"]

1. Nf3 c5 2. c4 Nc6 3. Nc3 e5 4. d3 d6 5. a3 a5 6. g3 f5 7. Bg2 Nf6 8. Bg5 Be7
9. O-O O-O 10. e3 Rb8 11. Ne1 Qe8 12. Nc2 h6 13. Bxf6 Bxf6 14. Rb1 Be6 15. Nd5
Bd8 16. b4 cxb4 17. axb4 b5 18. Na3 bxc4 19. b5 Nb4 20. Nxb4 axb4 21. Rxb4 d5
22. dxc4 Be7 23. Ra4 dxc4 24. Bc6 Qf7 25. Nxc4 Rfd8 26. Qc2 Bf6 27. Nd2 e4 28.
Ra3 Bd5 29. Rb1 Bxc6 30. bxc6 Rxb1+ 31. Nxb1 Qh5 32. Nd2 Be5 33. Ra5 Bc3 34.
Qxc3 1-0

[Event "Skakligaen 2019-20"]
[Site "Denmark"]
[Date "2020.02.23"]
[Round "7.6"]
[White "Sogaard, Soren"]
[Black "Smith, Axel"]
[Result "1-0"]
[WhiteElo "2248"]
[BlackElo "2465"]
[PlyCount "59"]
[EventDate "2019.11.23"]
[EventType "team-tourn"]
[EventRounds "9"]
[WhiteTeam "Aarhus Skolerne"]
[BlackTeam "Koge"]
[WhiteTeamCountry "DEN"]
[BlackTeamCountry "DEN"]

1. d4 Nf6 2. Bg5 Ne4 3. Bf4 e5 4. Bxe5 Nc6 5. Nf3 d5 6. a3 Be6 7. Nc3 Nxe5 8.
Nxe5 f6 9. Nd3 c6 10. Nxe4 dxe4 11. Nc5 Bf5 12. e3 Qc7 13. b4 Bd6 14. Bc4 b6
15. Nb3 h5 16. Be2 h4 17. h3 Rd8 18. c4 Qf7 19. Qc2 Bc7 20. c5 b5 21. a4 a6 22.
axb5 axb5 23. Ra6 Qd7 24. Na5 Bxa5 25. Rxa5 O-O 26. O-O Rfe8 27. Rfa1 Bxh3 28.
gxh3 Qxh3 29. Bf1 Qf5 30. Kh2 1-0

[Event "Skakligaen 2019-20"]
[Site "Denmark"]
[Date "2020.02.23"]
[Round "7.7"]
[White "Percivaldi, Martin"]
[Black "Dumas, Charles"]
[Result "1/2-1/2"]
[WhiteElo "2384"]
[BlackElo "2254"]
[PlyCount "73"]
[EventDate "2019.11.23"]
[EventType "team-tourn"]
[EventRounds "9"]
[WhiteTeam "Koge"]
[BlackTeam "Aarhus Skolerne"]
[WhiteTeamCountry "DEN"]
[BlackTeamCountry "DEN"]

1. d4 Nf6 2. c4 e6 3. Nf3 Bb4+ 4. Nbd2 b6 5. a3 Bxd2+ 6. Qxd2 Bb7 7. g3 O-O 8.
Bg2 d6 9. O-O c5 10. b3 Nc6 11. Rd1 Qe7 12. dxc5 dxc5 13. Bb2 Rfd8 14. Qc2 h6
15. e3 Rxd1+ 16. Rxd1 Rd8 17. Rxd8+ Qxd8 18. Ne5 Qc7 19. Nd3 Ne7 20. Bxb7 Qxb7
21. Bxf6 gxf6 22. b4 Qe4 23. bxc5 bxc5 24. Qc3 Qf5 25. e4 Qf3 26. Qd2 Qxe4 27.
Nxc5 Qb1+ 28. Kg2 Nf5 29. Qd8+ Kg7 30. Nd7 Nh4+ 31. gxh4 Qg6+ 32. Kf1 Qb1+ 33.
Ke2 Qc2+ 34. Kf3 Qd3+ 35. Kg2 Qg6+ 36. Kh3 Qd3+ 37. Kg2 1/2-1/2

[Event "Skakligaen 2019-20"]
[Site "Denmark"]
[Date "2020.02.23"]
[Round "7.8"]
[White "Rendboe, John Filip"]
[Black "Antonsen, Mikkel"]
[Result "1-0"]
[WhiteElo "2119"]
[BlackElo "2390"]
[PlyCount "67"]
[EventDate "2019.11.23"]
[EventType "team-tourn"]
[EventRounds "9"]
[WhiteTeam "Aarhus Skolerne"]
[BlackTeam "Koge"]
[WhiteTeamCountry "DEN"]
[BlackTeamCountry "DEN"]

1. d4 Nf6 2. c4 g6 3. Nc3 d5 4. cxd5 Nxd5 5. e4 Nxc3 6. bxc3 Bg7 7. Be3 c5 8.
Qd2 Qa5 9. Rc1 O-O 10. Nf3 Nd7 11. Bd3 e5 12. dxe5 Nxe5 13. Nxe5 Bxe5 14. O-O
Rd8 15. Qc2 Bd7 16. Bc4 Ba4 17. Qb2 Bc6 18. f4 Bg7 19. e5 Qc7 20. Qf2 b6 21.
Rcd1 Be4 22. a4 Qe7 23. Qe2 Kf8 24. Bf2 Bc6 25. Bb5 Bb7 26. Qg4 h5 27. Qh4 f6
28. Qg3 Qf7 29. Bd3 f5 30. Be2 Bc6 31. Bb5 Bxb5 32. axb5 Bh6 33. Qf3 Rxd1 34.
Qxa8+ 1-0

[Event "Skakligaen 2019-20"]
[Site "Denmark"]
[Date "2020.02.23"]
[Round "7.1"]
[White "Baekgaard, Martin"]
[Black "Hurtado, Javier Marchena"]
[Result "1-0"]
[WhiteElo "2299"]
[BlackElo "2356"]
[PlyCount "142"]
[EventDate "2019.11.23"]
[EventType "team-tourn"]
[EventRounds "9"]
[WhiteTeam "Nordre"]
[BlackTeam "OBRO"]
[WhiteTeamCountry "DEN"]
[BlackTeamCountry "DEN"]

1. d4 d5 2. c4 c6 3. e3 Bf5 4. cxd5 cxd5 5. Qb3 Qc7 6. Nc3 e6 7. Bd2 Nc6 8. Rc1
Nf6 9. Nf3 Be7 10. Ne5 O-O 11. Bb5 Rfc8 12. Na4 Qd6 13. Bc3 Ne4 14. O-O Nxe5
15. dxe5 Qb8 16. Be2 b6 17. Ba6 Rc6 18. Bb4 Rxc1 19. Rxc1 Bxb4 20. Qxb4 Qxe5
21. Qe7 Qd6 22. Qb7 Qb8 23. Qe7 Qd6 24. Qb7 Rf8 25. a3 d4 26. Rd1 e5 27. Qxa7
Qc6 28. Bd3 b5 29. Qb6 Qxb6 30. Nxb6 Rb8 31. Nd5 Kf8 32. exd4 exd4 33. Bxe4
Bxe4 34. Rxd4 Bxd5 35. Rxd5 b4 36. axb4 Rc8 37. Rd1 Rc2 38. Rb1 Ke7 39. g3 h5
40. h4 Kd6 41. Kf1 Kd5 42. Rd1+ Ke6 43. Re1+ Kf5 44. b3 f6 45. Re7 g5 46. hxg5
fxg5 47. b5 Rc3 48. Re8 Rxb3 49. Rb8 g4 50. b6 Kg6 51. Ke2 Kg7 52. Kd2 Rf3 53.
Ke1 Rb3 54. Ke2 Kh7 55. Kd1 Rf3 56. Rc8 Rb3 57. Rc6 Kg7 58. Kc2 Rb5 59. Kd3 Rb2
60. Kc3 Rb1 61. Kd4 Kf7 62. Kc5 Ke7 63. Rh6 Rc1+ 64. Kb5 Rc2 65. Rxh5 Rxf2 66.
Kc6 Rc2+ 67. Rc5 Rd2 68. b7 Rd6+ 69. Kb5 Rd1 70. Kb6 Rb1+ 71. Rb5 Rxb5+ 1-0

[Event "Skakligaen 2019-20"]
[Site "Denmark"]
[Date "2020.02.23"]
[Round "7.2"]
[White "Nielsen, Viktor Haarmark"]
[Black "Petersen, Tom Petri"]
[Result "1-0"]
[WhiteElo "2268"]
[BlackElo "2309"]
[PlyCount "123"]
[EventDate "2019.11.23"]
[EventType "team-tourn"]
[EventRounds "9"]
[WhiteTeam "OBRO"]
[BlackTeam "Nordre"]
[WhiteTeamCountry "DEN"]
[BlackTeamCountry "DEN"]

1. e4 c6 2. d4 d5 3. Nd2 dxe4 4. Nxe4 Nf6 5. Nxf6+ gxf6 6. Nf3 Bf5 7. Be2 e6 8.
Be3 Nd7 9. Bd3 Bxd3 10. Qxd3 Qc7 11. O-O-O O-O-O 12. Qe2 Rg8 13. g3 Qa5 14. Kb1
Nb6 15. Nd2 Qf5 16. Nb3 Nd5 17. Bc1 h5 18. h4 Bb4 19. Ka1 Bf8 20. a3 Qg4 21.
Qd3 Qg6 22. Qe2 Qg4 23. Qd3 Qg6 24. Qd2 Nb6 25. Rhe1 Qf5 26. Qe2 Qd5 27. Bf4
Nc4 28. Qd3 Be7 29. Qh7 Rdf8 30. Qd3 Rd8 31. Nd2 Nxd2 32. Rxd2 Qa5 33. Red1 f5
34. Qe3 Rd7 35. Qf3 Rg4 36. c4 Bd6 37. Bg5 Bc7 38. d5 cxd5 39. cxd5 Qb5 40. d6
Bb6 41. Qc3+ Rc4 42. Qh8+ Bd8 43. Bxd8 Rxd8 44. d7+ Kc7 45. Qxh5 Qc6 46. Qe2 b5
47. Ka2 Rc5 48. h5 e5 49. Qe3 b4 50. axb4 Qa4+ 51. Kb1 Qxb4 52. Qxc5+ Qxc5 53.
Rc2 Qxc2+ 54. Kxc2 f4 55. gxf4 exf4 56. h6 f3 57. h7 f5 58. Rd3 f4 59. Rd4 a5
60. Rd1 a4 61. Rd4 a3 62. bxa3 1-0

[Event "Skakligaen 2019-20"]
[Site "Denmark"]
[Date "2020.02.23"]
[Round "7.3"]
[White "Sloth, Jorn"]
[Black "Hansen, Mads Smith"]
[Result "0-1"]
[WhiteElo "2313"]
[BlackElo "2361"]
[PlyCount "140"]
[EventDate "2019.11.23"]
[EventType "team-tourn"]
[EventRounds "9"]
[WhiteTeam "Nordre"]
[BlackTeam "OBRO"]
[WhiteTeamCountry "DEN"]
[BlackTeamCountry "DEN"]

1. c4 Nf6 2. Nf3 g6 3. Nc3 Bg7 4. g3 O-O 5. Bg2 d6 6. d4 Nc6 7. Bg5 Bf5 8. Qd2
Ne4 9. Nxe4 Bxe4 10. d5 Ne5 11. Rc1 c5 12. Nh4 Bxg2 13. Nxg2 b5 14. cxb5 Qb6
15. Ne3 Rfe8 16. Bf4 Nd7 17. Nc4 Qxb5 18. O-O Nb6 19. b3 a5 20. Nxb6 Qxb6 21.
Rc4 Reb8 22. Ra4 Qa6 23. Rc1 Rb4 24. Rxb4 axb4 25. Rc2 Re8 26. Qd3 Qxd3 27.
exd3 f5 28. Kf1 Kf7 29. Re2 e5 30. dxe6+ Rxe6 31. Rxe6 Kxe6 32. Ke2 h5 33. h4
Bb2 34. Bh6 Kd5 35. Bg5 Be5 36. Bc1 Bc3 37. Bh6 Ke6 38. Be3 Be5 39. Kf3 Kd5 40.
Ke2 Ba1 41. Bh6 Bd4 42. Bg5 Kc6 43. Be3 Bf6 44. d4 f4 45. Bxf4 Bxd4 46. f3 Bf6
47. Kd3 d5 48. Bb8 Kb5 49. Bd6 Kc6 50. Bf8 Bd4 51. Bh6 Kd6 52. Bd2 Be5 53. Be1
Kc6 54. Bf2 Kb5 55. Kc2 c4 56. g4 Kc6 57. Be1 Bd6 58. Bd2 Kd7 59. Be3 Ke6 60.
Kd2 Ke5 61. Bg1 hxg4 62. fxg4 Ke4 63. h5 c3+ 64. Kc2 gxh5 65. gxh5 d4 66. Bxd4
Kxd4 67. h6 Be5 68. h7 Bh8 69. Kd1 Kd3 70. Kc1 c2 0-1